All Manchester City Signings15/16 Season - Statistics

General Stats
  • This quiz has been taken 4 times
  • The average score is 2 of 19
Answer Stats
Hint Answer % Correct
€76m Kevin De Bruyne
100%
€63.70m Raheem Sterling
67%
End Of Loan:€22m Álvaro Negredo
0%
€320k Anthony Cáceres
0%
End Of Loan:€1.50m Bruno Zuculini
0%
€4.40m Enes Ünal
0%
€11.50m Fabian Delph
0%
€300k Florian Lejeune
0%
End Of Loan:€500k Jason Denayer
0%
End Of Loan:€3.50m Karim Rekik
0%
Acadamey Kelechi Iheanacho
0%
Free transfer Luke Brattan
0%
End Of Loan:€13m Matija Nastasić
0%
End Of Loan:€7.50m Micah Richards
0%
€44.50m Nicolás Otamendi
0%
€7.20m Patrick Roberts
0%
End Of Loan:€4.50m Rony Lopes
0%
€550k Rubén Sobrino
0%
End Of Loan:€3m Scott Sinclair
0%
No matching quizzes found
Score Distribution
Percent of People with Each Score
Percentile by Number Answered
Your Score History
You have not taken this quiz